Managing across Cultures / (Record no. 13539)

MARC details
000 -LEADER
fixed length control field 01073cam a22002894a 4500
001 - CONTROL NUMBER
control field 12806988
005 - DATE AND TIME OF LATEST TRANSACTION
control field 20160622123114.0
008 - FIXED-LENGTH DATA ELEMENTS--GENERAL INFORMATION
fixed length control field 020607s2003 enkab |rb 001 0 eng
010 ## - LIBRARY OF CONGRESS CONTROL NUMBER
LC control number 2002075981
020 ## - INTERNATIONAL STANDARD BOOK NUMBER
International Standard Book Number 027364663X (pbk.)
040 ## - CATALOGING SOURCE
Original cataloging agency DLC
Transcribing agency DLC
Modifying agency DLC
042 ## - AUTHENTICATION CODE
Authentication code pcc
050 00 - LIBRARY OF CONGRESS CALL NUMBER
Classification number HD31
Item number .S3623 2003
082 00 - DEWEY DECIMAL CLASSIFICATION NUMBER
Classification number 658.30089
Edition number 22
Item number SCH
100 1# - MAIN ENTRY--PERSONAL NAME
Personal name Schneider, Susan C.
9 (RLIN) 12025
245 10 - TITLE STATEMENT
Title Managing across Cultures /
Statement of responsibility, etc Susan C. Schneider and Jean-Louis Barsoux.
250 ## - EDITION STATEMENT
Edition statement 2nd ed.
260 ## - PUBLICATION, DISTRIBUTION, ETC. (IMPRINT)
Place of publication, distribution, etc Harlow, England ;
-- New York :
Name of publisher, distributor, etc Financial Times Prentice Hall, 2003
Date of publication, distribution, etc 2003.
300 ## - PHYSICAL DESCRIPTION
Extent xvii, 330 p. :
Other physical details ill., map ;
Dimensions 24 cm.
504 ## - BIBLIOGRAPHY, ETC. NOTE
Bibliography, etc Includes bibliographical references and index.
650 #0 - SUBJECT ADDED ENTRY--TOPICAL TERM
Topical term or geographic name as entry element Management
General subdivision Social aspects.
9 (RLIN) 12026
650 #0 - SUBJECT ADDED ENTRY--TOPICAL TERM
Topical term or geographic name as entry element International business enterprises
General subdivision Management
-- Social aspects.
9 (RLIN) 12027
650 #0 - SUBJECT ADDED ENTRY--TOPICAL TERM
9 (RLIN) 12028
Topical term or geographic name as entry element Intercultural communication
700 1# - ADDED ENTRY--PERSONAL NAME
Personal name Barsoux, Jean-Louis.
9 (RLIN) 12029
942 ## - ADDED ENTRY ELEMENTS (KOHA)
Source of classification or shelving scheme Dewey Decimal Classification
Item type NB - Book (Non borrowing)
Holdings
Withdrawn status Item status Source of classification or shelving scheme Damaged status Not for loan Vendor Home library Current library Shelving location Date acquired Source of acquisition Total Checkouts Full call number Barcode Date last seen Date last borrowed Koha item type Total Renewals
    Dewey Decimal Classification     Baccah Central Library Central Library First floor 28/02/2010   3 658.30089 SCH 000019998 15/07/2025 01/04/2010 NB - Book (Non borrowing)  
    Dewey Decimal Classification     Baccah Central Library Central Library First floor 28/02/2010   6 658.30089 SCH 000020002 15/07/2025 27/11/2013 Book - Borrowing 11
    Dewey Decimal Classification     Baccah Central Library Central Library First floor 28/02/2010   7 658.30089 SCH 000020001 15/07/2025 19/03/2016 Book - Borrowing 52